Manual de derecho comunitario general
Shranjeno v:
| Glavni avtor: | |
|---|---|
| Format: | Knjiga |
| Jezik: | španščina |
| Izdano: |
Barcelona
Ariel
2000
|
| Izdaja: | 5a. ed |
| Serija: | Ariel Derecho
|
| Teme: | |
| Oznake: |
Označite
Brez oznak, prvi označite!
|
MARC
| LEADER | 00000nam a2200000 a 4500 | ||
|---|---|---|---|
| 001 | UCL0933 | ||
| 003 | CL-VaPUC | ||
| 008 | 030825e20000000SP |||||||||||||||||spa|d | ||
| 020 | |a 8434416492 | ||
| 082 | 0 | 4 | |a 341.026 |b ISA |2 21 |
| 100 | |a Isaac, Guy |e author |9 477697 | ||
| 245 | 1 | 0 | |a Manual de derecho comunitario general |
| 250 | |a 5a. ed | ||
| 300 | |a 461 p | ||
| 942 | |c BK | ||
| 945 | |d 20030825 00:00:00 |a cmena | ||
| 260 | |a Barcelona |b Ariel |c 2000 | ||
| 600 | 0 | 7 | |a COMUNIDAD EUROPEA |2 CL-VaPUC |9 477698 |
| 650 | 0 | |a Derecho internacional |9 255637 | |
| 650 | 0 | |a Tratados internacionales |9 256056 | |
| 650 | 0 | |a Jurisprudencia |9 255952 | |
| 583 | |a last modification |c 20030825 00:00:00 |k Rodrigo Vera | ||
| 490 | 0 | |a Ariel Derecho | |
| 999 | |c 304657 |d 304655 | ||
| 952 | |0 0 |1 0 |4 0 |6 341_026000000000000_ISA_2000 |7 0 |8 A |9 367293 |a BIBDER |b BIBDER |d 2019-11-21 |i 3933474 |l 1 |m 2 |o 341.026 ISA 2000 |p 3933474 |q 2025-12-31 |r 2020-03-18 |s 2020-03-18 |w 2019-11-21 |y BK |k DER | ||